Mots cachés n°8 - Statistiques

Statistiques générales
  • Ce quiz a été pris 332 fois
  • Le résultat moyen est 24 sur 25
Statistiques - réponses
Question Tuile Select % Correct
crêpe, trou, mue et toi. F Non
99%
crêpe, trou, mue et toi. G Non
99%
crêpe, trou, mue et toi. N Non
99%
crêpe, trou, mue et toi. N Non
99%
crêpe, trou, mue et toi. R Oui
98%
crêpe, trou, mue et toi. M Oui
97%
crêpe, trou, mue et toi. T Oui
97%
crêpe, trou, mue et toi. C Oui
96%
crêpe, trou, mue et toi. O Non
96%
crêpe, trou, mue et toi. O Non
96%
crêpe, trou, mue et toi. P Non
96%
crêpe, trou, mue et toi. U Oui
96%
crêpe, trou, mue et toi. E Non
95%
crêpe, trou, mue et toi. I Non
95%
crêpe, trou, mue et toi. P Oui
95%
crêpe, trou, mue et toi. E Non
94%
crêpe, trou, mue et toi. E Oui
94%
crêpe, trou, mue et toi. E Oui
93%
crêpe, trou, mue et toi. E Oui
93%
crêpe, trou, mue et toi. O Oui
93%
crêpe, trou, mue et toi. R Non
93%
crêpe, trou, mue et toi. U Non
93%
crêpe, trou, mue et toi. I Oui
92%
crêpe, trou, mue et toi. O Oui
92%
crêpe, trou, mue et toi. T Non
91%
Aucun quiz correspondant
Distribution des résultats
% des personnes avec chaque résultat
Percentile par nombre de réponses
Votre historique - résultats
Vous n’avez pas pris ce quiz